The Kerala government secretariat instructions (Record no. 491472)

000 -LEADER
fixed length control field 00274cam a22000977a 4500
008 - FIXED-LENGTH DATA ELEMENTS--GENERAL INFORMATION
fixed length control field 180718b1957 xxu||||| |||| 00| 0 eng d
082 ## - DEWEY DECIMAL CLASSIFICATION NUMBER
Classification number I53 S
245 ## - TITLE STATEMENT
Title The Kerala government secretariat instructions
260 ## - PUBLICATION, DISTRIBUTION, ETC.
Place of publication, distribution, etc. Trivandrum
Name of publisher, distributor, etc. Government Central Press
Date of publication, distribution, etc. 1957
300 ## - PHYSICAL DESCRIPTION
Extent 41+p
Holdings
Withdrawn status Lost status Damaged status Not for loan Permanent Location Current Location Date acquired Full call number Barcode Date last seen Price effective from Koha item type
        Indian Institute of Public Administration Indian Institute of Public Administration 2018-08-04 I53 S GR2501 2018-08-04 2018-08-04 GR

Powered by Koha